00887nam a2200217 a 450000100060000000300080000600500170001400800410003103500190007204000310009104100080012208200200013011100730015024501790022326000630040230000190046550400400048465000580052465100620058271000250064428008BD-RjUL20211209051228.0140329r19751973xxu b 100 0 eng d a(BD-RjUL)28089 aUkOxUbengcUkOxUdBD-RjUL aeng a973.3bLIF 19752 aLibrary of Congress Symposia on the American Revolutiond1973)n(2d.10aFundamental Testaments of the American Revolution :bpapers presented at the second symposium, May 10 and 11, 1973 /cLibrary of Congress Symposia on the American Revolution. aWashington :bLibrary of Congress,c1973 [Reprinted 1975]. a119 p ;c24 cm aIncludes bibliographical references 0aPolitical sciencezUnited StatesxHistoryxCongresses 0aUnited StatesxHistoryyRevolution, 1775-1783xCongresses2 aLibrary of Congress.